000 00696cab a2200217 4500
001 WB3215-80
008 090401t1996 xxu||||| |||| 00| 0 eng d
035 _a(Sirsi) u70075
041 _aeng
245 _aNew aggregates advisory service
260 _c1996
350 _a0
490 _aDoE News Release
_v(167) 3 April 1996, (2)
520 _aThe DoE has commissioned Symonds Travers Morgan to set up and run for a trial period, an Aggregates Advisory Service to advise on the use of recycled and secondary materials.
650 _aAGGREGATES
650 _aRECYCLED MATERIALS
650 _aSECONDARY MATERIALS
690 _aMINING AND MINERALS
942 _n0
948 _c04/03/1997
999 _c44084
_d44084